000 00202nam a22000977a 4500
003 OSt
008 210116b ||||| |||| 00| 0 eng d
100 _aPaaran, M. R
_94882
245 _aWreathe
942 _cBK
999 _c16617
_d16617